000 00311nam a2200109Ia 4500
008 200302s9999 xx 000 0 und d
100 _aThe Energy and Resources Institute
245 _aSustainable Building Design Manual Volume 1
260 _bThe Energy and Resources Institute
260 _c2004
300 _a145 P
999 _c4307
_d4307